Technologické prínosy ekonomickej analýzy výrobného procesu podniku

Mapovanie a analýza výrobného procesu podniku a posúdenie súčasného stavu spoločnosti. Identifikácia nedostatkov a chýb vo výrobnom procese, a to v podobe muda – plytvania. Zámerom je odstránenie a následne navrhnutie návrhov na zdokonalenie a zefektívnenie výrobného procesu.

Gespeichert in:
Bibliographische Detailangaben
1. Verfasser: Porubanová, Klaudia
Weitere Verfasser: Púčková, Nikola
Format: Buchkapitel
Sprache:Slowakisch
Schlagworte:
Tags: Tag hinzufügen
Keine Tags, Fügen Sie das erste Tag hinzu!

MARC

LEADER 00000naa$a2200000$$$4500
001 0261686
005 20240502074153.2
041 0 |a slo 
044 |a SK 
245 1 0 |a Technologické prínosy ekonomickej analýzy výrobného procesu podniku  |c Klaudia Porubanová, Nikola Púčková 
520 |a Mapovanie a analýza výrobného procesu podniku a posúdenie súčasného stavu spoločnosti. Identifikácia nedostatkov a chýb vo výrobnom procese, a to v podobe muda – plytvania. Zámerom je odstránenie a následne navrhnutie návrhov na zdokonalenie a zefektívnenie výrobného procesu. 
610 2 0 |a efektívnosť 
610 2 0 |a výroba 
610 2 0 |a manažment produktový 
610 2 0 |a benefity 
610 2 0 |a zamestnanci 
100 1 |a Porubanová, Klaudia 
700 1 |a Púčková, Nikola